ბათუმის შოთა რუსთაველის სახელმწიფო უნივერსიტეტის ბიბლიოთეკა

ავტომობილის მოწყობილობის დაპროგრამებული დავალებები / (ბიბ.ჩანაწერი № 56943)

000 -ლიდერი
ფიქსირებული სიგრძის საკონტროლო ველი 00893nam a2200205 4500
003 - საკონტროლო ნომრის იდენტიფიკატორი
საკონტროლო ველი Ge_BSU
005 - ბოლო ოპერაციის თარიღი და დრო
საკონტროლო ველი 20190708173506.0
008 - ფიქსირებული სიგრძის მონაცემთა ელემენტები - ზოგადი ინფორმაცია
ფიქსირებული სიგრძის საკონტროლო ველი 190708s2004 ge ||||| |||| 00| 0 geo d
041 ## - ენის კოდი
Language code of text/sound track or separate title geo
080 ## - უნივერსალური ათობითი კლასიფიკაციის ინდექსი
Universal Decimal Classification number 629.33(075.32) ა-14
100 ## - მთავარი ჩანაწერი - პიროვნების სახელი
Personal name აბაშიძე,ინდიკო
9 (RLIN) 1204
245 ## - ცნობა სათაურის შესახებ
Title ავტომობილის მოწყობილობის დაპროგრამებული დავალებები /
Statement of responsibility, etc ინდიკო აბაშიძე
264 ## - წარმოების, გამოცემის, დისტრიბუციის და სხვა ცნობები
გამოცემის, წარმოების, დისტრიბუციის... ადგილი ბათუმი :
გამოცემის, წარმოების, დისტრიბუციის... სახელწოდება გამ - ბა აჭარა ;
გამოცემის, წარმოების, დისტრიბუციის... თარიღი 2004.
300 ## - ფიზიკური აღწერა
Extent 119 გვ. ;
Dimensions 20 სმ.
653 ## - INDEX TERM--UNCONTROLLED
Uncontrolled term ავტომობილის მოწყობილობები
653 ## - INDEX TERM--UNCONTROLLED
Uncontrolled term ტექნიკა
710 ## - ADDED ENTRY--CORPORATE NAME
Corporate name or jurisdiction name as entry element სტუ
9 (RLIN) 3169
710 ## - ADDED ENTRY--CORPORATE NAME
Corporate name or jurisdiction name as entry element ბათუმის პოლიტექნიკური ინ - ტი
9 (RLIN) 3170
942 ## - ADDED ENTRY ELEMENTS (KOHA)
Source of classification or shelving scheme
Koha item type წიგნი
ეგზემპლარები
ჩამოწერის სტატუსი დაკარგული ეგზემპლარის სტატუსი კლასიფიკაციის წყარო ან თაროზე გაწყობის სქემა დაზიანების სტატუსი არ გაიცემა მუდმივი მდებარეობა (დაცვის ადგილი) ამჟამინდელი ადგილსამყოფელი თაროზე განთავსების ადგილი შეძენის თარიღი ღირებულება, შესყიდვის ნორმალური ფასი სრული შენახვის შიფრი შტრიხკოდი ბოლო ოპერაციის თარიღი ეგზემპლარის მიმდევრობითი ნომერი (კეტერი?) ფასის ძალაში შესვლის თარიღი ეგზემპლარის სახეობა საჯარო შენიშვნა
          ტექნოლოგიური ფაკულტეტის ბიბლიოთეკა ტექნოლოგიური ფაკულტეტის ბიბლიოთეკა წიგნსაცავი 2019-07-08 10.00 629.33(075.32) ა-14 12415 2019-07-08 12415 2019-07-08 წიგნი 10 ლ.